Modificación de períodos y frecuencias de oscilación en estructuras con daños sísmicos

Gorde:
Xehetasun bibliografikoak
Egile nagusia: Serrano Pacheco, Alberto
Formatua: Liburua
Argitaratua: San José, C.R. 2001
Gaiak:
Etiketak: Etiketa erantsi
Etiketarik gabe, Izan zaitez lehena erregistro honi etiketa jartzen!

MARC

LEADER 00000nam a2200000Ia 4500
003 008669
005 20221231144204.0
008 140114s2000 cr a mm 000 ||s d
040 |c cru CEDI 
090 |a TFG 4270 
100 |a Serrano Pacheco, Alberto  |9 7898 
245 |a Modificación de períodos y frecuencias de oscilación en estructuras con daños sísmicos 
260 |c 2001  |a  San José, C.R. 
300 |a  90 hojas : ilustraciones (algunos a color)  
500 |a  Proyecto de graduación (licenciatura en ingeniería civil)--Universidad de Costa Rica. Facultad de Ingeniería. Escuela de Ingeniería Civil 
650 |x DISEÑO DE ESTRUCTURAS   |x CONSTRUCCIONES ANTISISMICAS   |x ANALISIS ELASTICO (TEORIA DE LAS ESTRUCTURAS)  |9 7899 
942 |c TFG 
999 |c 18166  |d 18166